00490 2200181 4500001002100000008004100021035002000062245008700082100001900169250000600188260003200194300001200226020002200238084001400260082000800274650001400282990001200296INLIS000000000001224 ind  a0010-0524000459 aIPhO 2 Sebagai Persiapan Menuju Olimpiade InternasionalcProf. Yohanes Surya, Ph.D aSurya, Yohanes a1 aJakarta :bPT. Kandelc2017 a209 hlm a978-602-6878-51-9 a530 YOH i a530 aNon Fiksi a0744940